[Event "Niteroi op 2nd"]
[Site "Niteroi"]
[Date "2022.09.07"]
[Round "9"]
[White "Cardoso, Lucca Pimenta"]
[Black "Dos Santos, Gilvan Nobrega"]
[Result "1-0"]
[WhiteElo "1780"]
[BlackElo "1914"]
[PlyCount "103"]
[EventDate "2022.09.01"]
[EventType "swiss"]
[EventRounds "9"]
[EventCountry "BRA"]
[SourceTitle "EXT 2024"]
[Source "ChessBase"]
[SourceDate "2023.10.10"]
[SourceVersion "1"]
[SourceVersionDate "2023.10.10"]
[SourceQuality "1"]

1. d4 f5 2. Nf3 Nf6 3. g3 b6 4. Bg2 Bb7 5. 0-0 e6 6. c4 g6 7. Nc3 Bg7 8. d5 exd5 9. cxd5 0-0 10. Bf4 Nh5 11. Be3 Na6 12. Rc1 Nc5 13. b4 Bxc3 14. Rxc3 Ne4 15. Rd3 Qe7 16. Qb3 Qd6 17. Nd2 Nxd2 18. Bxd2 Rae8 19. Bf3 Nf6 20. Bf4 Re5 21. Qb2 Rfe8 22. Re3 Ne4 23. Bxe4 fxe4 24. Bxe5 Rxe5 25. f4 Re8 26. Rd1 Bxd5 27. Qd4 c6 28. Rxe4 Re6 29. Rxe6 Qxe6 30. e4 Bxa2 31. Qxd7 Qxe4 32. Qd8+ Kg7 33. Qd4+ Qxd4+ 34. Rxd4 Bd5 35. Rd1 a6 36. Kf2 Kf6 37. g4 Ke6 38. Re1+ Kd6 39. h4 c5 40. bxc5+ Kxc5 41. Re7 b5 42. Rxh7 b4 43. Ke3 a5 44. Ra7 Kb5 45. Kd4 Bf3 46. f5 gxf5 47. gxf5 a4 48. f6 Bh5 49. f7 Bxf7 50. Rxf7 a3 51. Rb7+ Ka5 52. Kc4 1-0

[Event "Niteroi op 2nd"]
[Site "Niteroi"]
[Date "2022.09.04"]
[Round "5"]
[White "Cardoso, Lucca Pimenta"]
[Black "Freitas, Andre Henrique Lem"]
[Result "0-1"]
[WhiteElo "1780"]
[BlackElo "2184"]
[PlyCount "84"]
[EventDate "2022.09.01"]
[EventType "swiss"]
[EventRounds "9"]
[EventCountry "BRA"]
[SourceTitle "CBM 210 Extra"]
[Source "ChessBase"]
[SourceDate "2022.11.30"]
[SourceVersion "1"]
[SourceVersionDate "2022.11.30"]
[SourceQuality "1"]

1. d4 Nf6 2. c4 g6 3. Nf3 Bg7 4. g3 0-0 5. Bg2 c5 6. 0-0 d6 7. Nc3 Nc6 8. d5 Na5 9. Qd3 a6 10. Bf4 Bd7 11. a3 b5 12. cxb5 axb5 13. Nd2 c4 14. Qc2 Qc7 15. Rac1 Rfc8 16. Na2 Qd8 17. Qb1 Rab8 18. Nb4 h6 19. h4 Ng4 20. Qa2 Qb6 21. Ne4 Nb3 22. Rcd1 f5 23. Nd2 Bd4 24. e3 Nxd2 25. Rxd2 Bf6 26. f3 Nxe3 27. Bxe3 Qxe3+ 28. Rff2 f4 29. Kf1 fxg3 30. Rfe2 Qf4 31. h5 Bf5 32. hxg6 Bd3 33. Rxd3 cxd3 34. Nxd3 Rc1+ 35. Nxc1 Qxc1+ 36. Re1 Qd2 37. Re2 Qd1+ 38. Re1 Qd3+ 39. Kg1 Bd4+ 40. Kh1 Qxg6 41. Bh3 g2+ 42. Bxg2 Qh5+ 0-1

[Event "Niteroi op 2nd"]
[Site "Niteroi"]
[Date "2022.09.03"]
[Round "4"]
[White "De Souza, Jose Alberto Martim"]
[Black "Cardoso, Lucca Pimenta"]
[Result "0-1"]
[WhiteElo "1548"]
[BlackElo "1780"]
[PlyCount "88"]
[EventDate "2022.09.01"]
[EventType "swiss"]
[EventRounds "9"]
[EventCountry "BRA"]
[SourceTitle "CBM 210 Extra"]
[Source "ChessBase"]
[SourceDate "2022.11.30"]
[SourceVersion "1"]
[SourceVersionDate "2022.11.30"]
[SourceQuality "1"]

1. d4 d5 2. c4 e6 3. Nc3 Nf6 4. Nf3 Be7 5. Bf4 0-0 6. e3 a6 7. cxd5 exd5 8. Bd3 c6 9. h3 Nbd7 10. 0-0 Re8 11. Rc1 Nf8 12. Qc2 Ne6 13. Be5 g6 14. Rfd1 Ng7 15. e4 dxe4 16. Nxe4 Nxe4 17. Bxg7 Nxf2 18. Qxf2 Kxg7 19. Ne5 Be6 20. Be4 Qa5 21. a3 Bd6 22. Nf3 Rad8 23. Rf1 Qb5 24. h4 Bf5 25. Ng5 h6 26. Bxf5 gxf5 27. Nh3 Re2 28. Qf3 Rxb2 29. Nf4 Bxf4 30. Qxf4 Qe2 31. Qg3+ Qg4 32. Qe5+ Kg6 33. Qh2 Rxd4 34. Rf3 f4 35. Rcf1 Kf5 36. Rg3 Qe2 37. Rgf3 Qd2 38. Qh3+ Ke5 39. Qg4 Rc2 40. R3f2 Qe3 41. Qg7+ Kd6 42. Qf6+ Kc7 43. Qxf7+ Kb8 44. Qf8+ Ka7 0-1

[Event "Niteroi op 2nd"]
[Site "Niteroi"]
[Date "2022.09.02"]
[Round "3"]
[White "Cardoso, Lucca Pimenta"]
[Black "Urquiza, Marcello de Albuque"]
[Result "0-1"]
[WhiteElo "1780"]
[BlackElo "2031"]
[PlyCount "115"]
[EventDate "2022.09.01"]
[EventType "swiss"]
[EventRounds "9"]
[EventCountry "BRA"]
[SourceTitle "CBM 210 Extra"]
[Source "ChessBase"]
[SourceDate "2022.11.30"]
[SourceVersion "1"]
[SourceVersionDate "2022.11.30"]
[SourceQuality "1"]

1. d4 d5 2. c4 c6 3. Nc3 Nf6 4. e3 e6 5. Nf3 Nbd7 6. Bd3 Be7 7. 0-0 0-0 8. b3 b6 9. Bb2 Bb7 10. Rc1 c5 11. Ne5 Ne4 12. cxd5 Nxc3 13. Bxc3 cxd4 14. exd4 Nxe5 15. dxe5 Qxd5 16. Qf3 Qxf3 17. gxf3 Bxf3 18. Rfe1 Bg5 19. Rc2 Rac8 20. Bb4 Rxc2 21. Bxc2 Rc8 22. Be4 Bg4 23. Kg2 a5 24. Bd6 Bd2 25. Rb1 Bf4 26. b4 a4 27. b5 Rc4 28. Re1 Bd2 29. Bd3 Rd4 30. Re4 Rxe4 31. Bxe4 Be2 32. Bc6 Bc4 33. a3 Bc3 34. f4 f6 35. Kf3 Kf7 36. Ke4 f5+ 37. Ke3 g6 38. Bc7 Ba5 39. Kd4 Bb3 40. Ke3 Bd1 41. Bd8 Bb3 42. Kd4 Ba2 43. Ke3 Bb3 44. Kd4 h6 45. Kd3 Bd5 46. Kd4 Bxc6 47. bxc6 Ke8 48. Bc7 g5 49. fxg5 hxg5 50. Kd3 Ke7 51. Kd4 g4 52. Ke3 Bc3 53. Bd6+ Kd8 54. Kd3 Bb2 55. Ke2 Bd4 56. Kf1 Bc5 57. Bxc5 bxc5 58. Ke2 0-1

[Event "Caxambu Casa do Xadrez op"]
[Site "Caxambu"]
[Date "2022.07.24"]
[Round "5"]
[White "Federzoni, Enzo"]
[Black "Cardoso, Lucca Pimenta"]
[Result "1/2-1/2"]
[WhiteElo "2144"]
[BlackElo "1742"]
[PlyCount "89"]
[EventDate "2022.07.22"]
[EventType "swiss"]
[EventRounds "6"]
[EventCountry "BRA"]
[SourceTitle "CBM 209 Extra"]
[Source "ChessBase"]
[SourceDate "2022.09.30"]
[SourceVersion "1"]
[SourceVersionDate "2022.09.30"]
[SourceQuality "1"]

1. e4 c5 2. Nf3 e6 3. d4 cxd4 4. Nxd4 Nf6 5. Nc3 Nc6 6. Nxc6 bxc6 7. e5 Nd5 8. Ne4 Qc7 9. f4 Qb6 10. c4 Bb4+ 11. Ke2 f5 12. exf6 Nxf6 13. Be3 Qa5 14. Nxf6+ gxf6 15. Kf2 h5 16. Qd4 Be7 17. Bd3 Kf7 18. a3 Qc7 19. c5 Rg8 20. Qe4 f5 21. Qf3 Rh8 22. Bd4 Rh7 23. b4 Bf6 24. Bxf6 Kxf6 25. Rhe1 Bb7 26. Qg3 Kf7 27. Re5 Rg7 28. Qh3 Rg4 29. Qxh5+ Kg7 30. Bxf5 Rxf4+ 31. Kg1 Qxe5 32. Rd1 Bc8 33. Qh7+ Kf8 34. Qh6+ Ke8 35. Qg6+ Kd8 36. Bxe6 Kc7 37. Bg4 Qf6 38. Qh5 Rd4 39. Rf1 Rf4 40. Rd1 Rb8 41. h3 Rd4 42. Rf1 Rf4 43. Rd1 Rd4 44. Rf1 Rf4 45. Rd1 1/2-1/2

[Event "Caxambu Casa do Xadrez op"]
[Site "Caxambu"]
[Date "2022.07.22"]
[Round "2"]
[White "Cardoso, Lucca Pimenta"]
[Black "Gazola, Vanessa Ramos"]
[Result "1-0"]
[WhiteElo "1742"]
[BlackElo "2000"]
[PlyCount "99"]
[EventDate "2022.07.22"]
[EventType "swiss"]
[EventRounds "6"]
[EventCountry "BRA"]
[SourceTitle "CBM 209 Extra"]
[Source "ChessBase"]
[SourceDate "2022.09.30"]
[SourceVersion "1"]
[SourceVersionDate "2022.09.30"]
[SourceQuality "1"]

1. d4 Nf6 2. Nf3 g6 3. g3 Bg7 4. Bg2 d5 5. 0-0 0-0 6. c4 c6 7. Nc3 e6 8. Qc2 Re8 9. e4 dxe4 10. Nxe4 Nxe4 11. Qxe4 Nd7 12. Rd1 Qb6 13. Ne5 Rd8 14. Bf4 Nxe5 15. dxe5 Bd7 16. Bg5 Rdb8 17. Rxd7 Qxb2 18. Rad1 Qxe5 19. Qxe5 Bxe5 20. Rd8+ Rxd8 21. Rxd8+ Rxd8 22. Bxd8 Kf8 23. Ba5 Bd4 24. Bb4+ Ke8 25. Kf1 h5 26. Ke2 Kd7 27. f3 Bg1 28. h3 Bd4 29. Kd3 Bf2 30. g4 hxg4 31. fxg4 a6 32. Ke4 Bg3 33. Bd2 b5 34. c5 Bf2 35. Be3 Bg3 36. Kf3 Be5 37. h4 a5 38. h5 gxh5 39. gxh5 b4 40. Ke4 Bf6 41. Bd4 Bg5 42. Bg7 f5+ 43. Kd3 Ke7 44. Bxc6 Kf7 45. Be5 Bd8 46. Bb7 a4 47. Kc4 b3 48. axb3 a3 49. Kc3 f4 50. b4 1-0

[Event "Pocos de Caldas op"]
[Site "Pocos de Caldas"]
[Date "2022.03.13"]
[Round "6"]
[White "Silva, Liara Blanco"]
[Black "Cardoso, Lucca Pimenta"]
[Result "0-1"]
[WhiteElo "1395"]
[BlackElo "1741"]
[PlyCount "70"]
[EventDate "2022.03.11"]
[EventType "swiss"]
[EventRounds "6"]
[EventCountry "BRA"]
[SourceTitle "EXT 2023"]
[Source "ChessBase"]
[SourceDate "2022.10.05"]
[SourceVersion "1"]
[SourceVersionDate "2022.10.05"]
[SourceQuality "1"]

1. e4 c5 2. Nf3 e6 3. d4 cxd4 4. Nxd4 Nf6 5. Nc3 Nc6 6. Nxc6 bxc6 7. e5 Nd5 8. Ne4 Qc7 9. f4 Qb6 10. c4 Bb4+ 11. Ke2 Ba6 12. Kf3 f5 13. exf6 Nxf6 14. Bd3 Qa5 15. Nxf6+ gxf6 16. a3 Be7 17. Kf2 h5 18. Qd2 Qxd2+ 19. Bxd2 h4 20. Be3 c5 21. Be2 Bb7 22. Rhd1 Bc6 23. Rd2 Rb8 24. Bf3 Bxf3 25. Kxf3 Rb7 26. Rad1 a5 27. g3 f5 28. Rc2 Rb3 29. Re1 Bf6 30. Ree2 Bd4 31. Kf2 hxg3+ 32. hxg3 Rh2+ 33. Kf3 Rxe3+ 34. Rxe3 Rxc2 35. Rb3 Rf2# 0-1

[Event "Sudeste/Centro Oeste-ch U2200"]
[Site "Barbacena"]
[Date "2021.10.23"]
[Round "2"]
[White "Cardoso, Lucca Pimenta"]
[Black "Da Silva, Wagner Afonso"]
[Result "1-0"]
[WhiteElo "1690"]
[BlackElo "1925"]
[PlyCount "43"]
[EventDate "2021.10.22"]
[EventType "swiss"]
[EventRounds "5"]
[EventCountry "BRA"]
[SourceTitle "EXT 2023"]
[Source "ChessBase"]
[SourceDate "2022.10.05"]
[SourceVersion "1"]
[SourceVersionDate "2022.10.05"]
[SourceQuality "1"]

1. d4 Nf6 2. c4 e6 3. Nf3 b6 4. e3 Bb7 5. Bd3 Be7 6. 0-0 0-0 7. Nc3 d5 8. cxd5 exd5 9. b3 Nbd7 10. Bb2 Rc8 11. Rc1 Re8 12. Ne5 Nxe5 13. dxe5 Ne4 14. Bxe4 dxe4 15. Qg4 Ra8 16. Nb5 c5 17. Rfd1 Qc8 18. e6 f6 19. Rd7 Bc6 20. Nd6 Bxd7 21. exd7 Qc6 22. Qe6+ 1-0

[Event "Sao Jose dos Campos op"]
[Site "Sao Jose dos Campos"]
[Date "2021.10.11"]
[Round "4"]
[White "Cardoso, Lucca Pimenta"]
[Black "De Sousa, Elizeu Santiago Tav"]
[Result "1-0"]
[WhiteElo "1690"]
[BlackElo "1385"]
[PlyCount "115"]
[EventDate "2021.10.09"]
[EventType "swiss"]
[EventRounds "7"]
[EventCountry "BRA"]
[SourceTitle "CBM 204 Extra"]
[Source "ChessBase"]
[SourceDate "2021.11.30"]
[SourceVersion "1"]
[SourceVersionDate "2021.11.30"]
[SourceQuality "1"]

1. d4 f5 2. c4 e6 3. Nf3 Nf6 4. g3 Be7 5. Bg2 0-0 6. 0-0 d6 7. b3 a5 8. Nc3 Nc6 9. Bb2 Qe8 10. Rc1 e5 11. dxe5 dxe5 12. Nd5 Bd8 13. Re1 Nd7 14. a3 e4 15. Nd4 Nce5 16. Nb5 Qh5 17. Nbxc7 Bxc7 18. Nxc7 Rb8 19. Qd5+ Qf7 20. Qxa5 Nc6 21. Qd5 Nb6 22. Qxf7+ Rxf7 23. Nd5 Nxd5 24. cxd5 Na5 25. b4 Nb3 26. Rc3 Nd4 27. Rxc8+ Rxc8 28. Bxd4 Rd7 29. Bc5 Rxd5 30. f3 exf3 31. Bxf3 Rd7 32. a4 g6 33. Kf2 Kf7 34. Ke3 Re8+ 35. Kf2 Re6 36. a5 h6 37. h3 g5 38. Ra1 Ke8 39. b5 Re5 40. a6 bxa6 41. bxa6 Rxc5 42. a7 Rxa7 43. Rxa7 Kf8 44. Rh7 g4 45. hxg4 fxg4 46. Bxg4 Rg5 47. Bf3 Rg6 48. g4 Kg8 49. Rc7 Rf6 50. Rc6 Kg7 51. Rxf6 Kxf6 52. Kg3 Kg5 53. e4 Kf6 54. Kh4 Kg6 55. Bd1 Kh7 56. Kh5 Kg7 57. e5 Kf7 58. Bb3+ 1-0

[Event "Sao Jose dos Campos op"]
[Site "Sao Jose dos Campos"]
[Date "2021.10.11"]
[Round "5"]
[White "De Lima, Luciano Neves"]
[Black "Cardoso, Lucca Pimenta"]
[Result "1/2-1/2"]
[WhiteElo "1896"]
[BlackElo "1690"]
[PlyCount "91"]
[EventDate "2021.10.09"]
[EventType "swiss"]
[EventRounds "7"]
[EventCountry "BRA"]
[SourceTitle "CBM 204 Extra"]
[Source "ChessBase"]
[SourceDate "2021.11.30"]
[SourceVersion "1"]
[SourceVersionDate "2021.11.30"]
[SourceQuality "1"]

1. Nf3 Nf6 2. c4 e6 3. g3 d5 4. Bg2 Be7 5. 0-0 0-0 6. d4 c6 7. Nc3 b6 8. b3 Bb7 9. Bb2 Na6 10. Ne5 c5 11. e3 Nc7 12. Rc1 Rc8 13. a3 Ne4 14. cxd5 Nxc3 15. Bxc3 Nxd5 16. Bb2 b5 17. dxc5 Bxc5 18. Qd2 a6 19. b4 Ba7 20. Rxc8 Qxc8 21. Rc1 Qa8 22. Ng4 f6 23. e4 Nb6 24. Rc7 Rf7 25. Rxf7 Kxf7 26. Qd3 Bc6 27. Qd6 Nc4 28. Qc7+ Kg6 29. Bc1 Qb7 30. Qd8 h5 31. Ne3 Nxe3 32. Bxe3 Bxe3 33. fxe3 e5 34. Qd3 Qe7 35. Bh3 Kh6 36. Kf2 Qb7 37. Bf5 g6 38. Be6 Bxe4 39. Qd6 Kg7 40. Qd8 f5 41. Qg8+ Kf6 42. Bc8 Qc6 43. Qf8+ Kg5 44. Qd8+ Kh6 45. Qh8+ Kg5 46. Qd8+ 1/2-1/2

[Event "Sao Jose dos Campos op"]
[Site "Sao Jose dos Campos"]
[Date "2021.10.09"]
[Round "1"]
[White "Di Berardino, Diego Rafael"]
[Black "Cardoso, Lucca Pimenta"]
[Result "1-0"]
[WhiteElo "2471"]
[BlackElo "1690"]
[PlyCount "61"]
[EventDate "2021.10.09"]
[EventType "swiss"]
[EventRounds "7"]
[EventCountry "BRA"]
[SourceTitle "CBM 204 Extra"]
[Source "ChessBase"]
[SourceDate "2021.11.30"]
[SourceVersion "1"]
[SourceVersionDate "2021.11.30"]
[SourceQuality "1"]

1. d4 d5 2. c4 e6 3. Nf3 Nf6 4. Nc3 Be7 5. Bg5 0-0 6. Rc1 Nbd7 7. e3 a6 8. cxd5 exd5 9. Bd3 Re8 10. 0-0 b6 11. Qc2 Bb7 12. Ne5 h6 13. Bxf6 Nxf6 14. Ne2 c5 15. Ng3 c4 16. Bf5 Bc8 17. f4 b5 18. Qe2 Bd6 19. Bb1 Bb7 20. Qf3 Qc7 21. Nh5 Nxh5 22. Qxh5 Bf8 23. Nxf7 Qxf7 24. Bh7+ Kxh7 25. Qxf7 Re7 26. Qh5 Rxe3 27. f5 Rae8 28. Qg6+ Kh8 29. f6 R3e6 30. Rc3 gxf6 31. Rg3 1-0

[Event "Sao Joao del Rei op"]
[Site "Sao Joao del Rei"]
[Date "2020.02.08"]
[Round "2"]
[White "Mourao, Elcio Conte Lofredo"]
[Black "Cardoso, Lucca Pimenta"]
[Result "0-1"]
[WhiteElo "2001"]
[BlackElo "1757"]
[PlyCount "39"]
[EventDate "2020.02.08"]
[EventType "swiss"]
[EventRounds "5"]
[EventCountry "BRA"]
[SourceTitle "CBM 195 Extra"]
[Source "ChessBase"]
[SourceDate "2020.05.31"]
[SourceVersion "1"]
[SourceVersionDate "2020.05.31"]
[SourceQuality "1"]

1. d4 d5 2. Nf3 Nf6 3. Bg5 e6 4. e3 Be7 5. c3 Nbd7 6. Bd3 b6 7. Nbd2 Bb7 8. 0-0 Ne4 9. Bxe7 Qxe7 10. Qc2 f5 11. Bb5 c6 12. Bd3 0-0 13. Rad1 Rf6 14. Ne5 Nxe5 15. dxe5 Rh6 16. Nf3 g5 17. g3 Qg7 18. c4 g4 19. Nd4 c5 20. Nxe6 0-1

[Event "Florianopolis op 6th"]
[Site "Florianopolis"]
[Date "2020.01.20"]
[Round "1"]
[White "Moretto, Leticia Soares"]
[Black "Cardoso, Lucca Pimenta"]
[Result "0-1"]
[WhiteElo "1376"]
[BlackElo "1722"]
[PlyCount "122"]
[EventDate "2020.01.20"]
[EventType "swiss"]
[EventRounds "10"]
[EventCountry "BRA"]
[SourceTitle "CBM 194 Extra"]
[Source "ChessBase"]
[SourceDate "2020.03.31"]
[SourceVersion "1"]
[SourceVersionDate "2020.03.31"]
[SourceQuality "1"]

1. d4 d5 2. c4 e6 3. Nc3 Nf6 4. Bf4 c6 5. e3 Nbd7 6. Nf3 Be7 7. Be2 0-0 8. 0-0 dxc4 9. Bxc4 b5 10. Bb3 Bb7 11. a3 a6 12. Rc1 c5 13. dxc5 Nxc5 14. Bc2 Qb6 15. Qe2 Rac8 16. Rfd1 Rfd8 17. Rxd8+ Rxd8 18. Rd1 b4 19. axb4 Qxb4 20. Rxd8+ Bxd8 21. Qd2 Bb6 22. Ne5 Nd5 23. Nd3 Qa5 24. Nxc5 Bxc5 25. Bg3 Bb4 26. Be5 f6 27. e4 fxe5 28. exd5 exd5 29. Bb3 Kf8 30. Qd3 Bxc3 31. bxc3 Qa1+ 32. Bd1 Bc6 33. Qf5+ Ke7 34. Qxe5+ Kf7 35. Qd4 Qb1 36. h3 Qe4 37. Qxe4 dxe4 38. Bb3+ Kf6 39. Kf1 Ke5 40. Ke2 e3 41. f3 Kf4 42. c4 Kg3 43. Bc2 h6 44. Be4 Bd7 45. c5 Kxg2 46. c6 Bxh3 47. f4+ Kg1 48. f5 Bf1+ 49. Kxe3 Bb5 50. c7 Bd7 51. Bb7 Bxf5 52. Bxa6 g5 53. c8Q Bxc8 54. Bxc8 Kg2 55. Bb7+ Kg3 56. Ke2 h5 57. Kf1 Kh2 58. Kf2 g4 59. Bg2 h4 60. Bf3 g3+ 61. Kf1 h3 0-1

[Event "Sudeste/Centro-Oeste-ch U1800"]
[Site "Barbacena"]
[Date "2019.10.27"]
[Round "6"]
[White "Cardoso, Lucca Pimenta"]
[Black "De Castro, Julio Marcio Moreir"]
[Result "1-0"]
[WhiteElo "1657"]
[BlackElo "1800"]
[PlyCount "59"]
[EventDate "2019.10.25"]
[EventType "swiss"]
[EventRounds "6"]
[EventCountry "BRA"]
[SourceTitle "CBM 193 Extra"]
[Source "ChessBase"]
[SourceDate "2020.01.31"]
[SourceVersion "1"]
[SourceVersionDate "2020.01.31"]
[SourceQuality "1"]

1. d4 d5 2. c4 e6 3. Nc3 Nf6 4. e3 c5 5. Nf3 Nc6 6. dxc5 Bxc5 7. b3 0-0 8. Bb2 d4 9. exd4 Nxd4 10. Bd3 Nxf3+ 11. Qxf3 Rb8 12. 0-0 Bd7 13. Ne4 Be7 14. Rfd1 Ne8 15. Bc2 Qc7 16. Qh3 g6 17. Qc3 f6 18. Rd3 Bc6 19. Ng5 Qe5 20. Qxe5 fxe5 21. Nxe6 Rf6 22. Bxe5 Rxe6 23. Bxb8 Bc5 24. Rd2 Bb4 25. Rdd1 Re2 26. Bd3 Rb2 27. Bxa7 Nc7 28. Be3 Bc3 29. c5 Nd5 30. Bc4 1-0

[Event "Sudeste/Centro-Oeste-ch U1800"]
[Site "Barbacena"]
[Date "2019.10.26"]
[Round "3"]
[White "Da Circuncisao, Neivaldo Jacob"]
[Black "Cardoso, Lucca Pimenta"]
[Result "0-1"]
[WhiteElo "1639"]
[BlackElo "1657"]
[PlyCount "90"]
[EventDate "2019.10.25"]
[EventType "swiss"]
[EventRounds "6"]
[EventCountry "BRA"]
[SourceTitle "CBM 193 Extra"]
[Source "ChessBase"]
[SourceDate "2020.01.31"]
[SourceVersion "1"]
[SourceVersionDate "2020.01.31"]
[SourceQuality "1"]

1. Nf3 d5 2. g3 Nf6 3. Bg2 e6 4. d3 b6 5. Nbd2 Bb7 6. 0-0 Be7 7. Re1 0-0 8. e4 dxe4 9. Nxe4 Nxe4 10. dxe4 Qxd1 11. Rxd1 Bxe4 12. Ne5 Bxg2 13. Kxg2 Bd6 14. Nd3 Nd7 15. Bf4 Nf6 16. Bxd6 cxd6 17. Nb4 d5 18. Nc6 Kh8 19. c3 Ne4 20. f3 Nd6 21. Kf2 a5 22. a4 Rac8 23. Ne5 Nc4 24. Nxc4 Rxc4 25. Ke3 Rfc8 26. Rd4 Kg8 27. Kd3 Kf8 28. Re1 Rxd4+ 29. Kxd4 Rc4+ 30. Kd3 Rxa4 31. Kc2 Ke7 32. Rb1 Rc4 33. b3 Rc6 34. Kd3 Kd6 35. f4 f6 36. g4 g6 37. g5 Rc7 38. h4 Rf7 39. Ke3 e5 40. Rf1 Ke6 41. fxe5 fxe5 42. Rxf7 Kxf7 43. Kf3 Ke6 44. Kg4 b5 45. h5 a4 0-1

[Event "Sudeste/Centro-Oeste-ch U1800"]
[Site "Barbacena"]
[Date "2019.10.25"]
[Round "1"]
[White "Barbosa, Luiz Francisco da S"]
[Black "Cardoso, Lucca Pimenta"]
[Result "1-0"]
[WhiteElo "1748"]
[BlackElo "1657"]
[PlyCount "83"]
[EventDate "2019.10.25"]
[EventType "swiss"]
[EventRounds "6"]
[EventCountry "BRA"]
[SourceTitle "CBM 193 Extra"]
[Source "ChessBase"]
[SourceDate "2020.01.31"]
[SourceVersion "1"]
[SourceVersionDate "2020.01.31"]
[SourceQuality "1"]

1. d4 d5 2. Nf3 Nf6 3. e3 e6 4. Bd3 c5 5. c3 Nbd7 6. Nbd2 b6 7. 0-0 Be7 8. e4 dxe4 9. Nxe4 Bb7 10. Re1 0-0 11. Bf4 cxd4 12. cxd4 Nxe4 13. Bxe4 Bxe4 14. Rxe4 Nf6 15. Re2 Rc8 16. Rc1 Nd5 17. Be5 Bf6 18. a3 Qd7 19. Rec2 Qa4 20. Qe2 Rxc2 21. Qxc2 Qb5 22. g3 h6 23. h4 Rd8 24. Nd2 Bxe5 25. dxe5 Qe2 26. Ne4 Qh5 27. Nc3 Qxe5 28. Nxd5 Qxd5 29. Qc7 Qd2 30. Rc2 Qd1+ 31. Kg2 Qd7 32. b4 Qd5+ 33. Kh2 Rd7 34. Qc8+ Kh7 35. Rc7 Rd8 36. Qb7 Qxb7 37. Rxb7 Ra8 38. Rxf7 Kg6 39. Rb7 Kf6 40. h5 Kg5 41. Rxg7+ Kxh5 42. Kh3 1-0

[Event "Pocos de Caldas op"]
[Site "Pocos de Caldas"]
[Date "2019.02.09"]
[Round "3"]
[White "Cardoso, Lucca Pimenta"]
[Black "Silva, Liara Blanco"]
[Result "1-0"]
[WhiteElo "1639"]
[BlackElo "1273"]
[PlyCount "105"]
[EventDate "2019.02.08"]
[EventType "swiss"]
[EventRounds "6"]
[EventCountry "BRA"]
[SourceTitle "CBM 189 Extra"]
[Source "ChessBase"]
[SourceDate "2019.06.03"]
[SourceVersion "1"]
[SourceVersionDate "2019.06.03"]
[SourceQuality "1"]

1. d4 Nf6 2. c4 e6 3. Nf3 b6 4. e3 Bb7 5. Bd3 d5 6. Nbd2 Be7 7. b3 Nbd7 8. Bb2 c5 9. 0-0 0-0 10. Rc1 Rc8 11. Bb1 Re8 12. Ne5 Rc7 13. Qe2 Qc8 14. cxd5 Bxd5 15. f4 Qa8 16. g4 Nxe5 17. dxe5 Ne4 18. Qd3 f5 19. exf6 Nxf6 20. g5 Be4 21. Nxe4 Nxe4 22. Qxe4 Qxe4 23. Bxe4 Rd8 24. Rfd1 Rcd7 25. Rxd7 Rxd7 26. Rc2 Rd1+ 27. Kf2 Rd8 28. Ke2 h6 29. g6 Kf8 30. Rd2 Rxd2+ 31. Kxd2 Bd6 32. Kd3 Be7 33. Kc4 Bd6 34. Kb5 Bb8 35. Ka6 Bc7 36. Kxa7 Bd8 37. Be5 Kg8 38. Kb7 b5 39. Kc6 c4 40. Kxb5 cxb3 41. axb3 Bh4 42. Kc6 Bf2 43. Bd4 Be1 44. Kd7 Bb4 45. Kxe6 Kf8 46. f5 Ba3 47. Bd5 Bb4 48. Be5 Bc5 49. Bd6+ Bxd6 50. Kxd6 Ke8 51. b4 Kd8 52. Be6 Ke8 53. b5 1-0

[Event "Titled Tuesday intern op 1st Jan"]
[Site "Chess.com INT"]
[Date "2019.01.01"]
[Round "4"]
[White "Gelbenegger, Patrick"]
[Black "Cardoso, Lucca Pimenta"]
[Result "1-0"]
[WhiteElo "2212"]
[BlackElo "1639"]
[PlyCount "63"]
[EventDate "2019.01.01"]
[EventType "swiss (blitz)"]
[EventRounds "10"]
[EventCountry "USA"]
[SourceTitle "EXT 2021"]
[Source "ChessBase"]
[SourceDate "2020.10.23"]
[SourceVersion "1"]
[SourceVersionDate "2020.10.23"]
[SourceQuality "1"]

1. e4 e5 2. Nf3 Nc6 3. Bc4 Nf6 4. d3 Bc5 5. c3 d6 6. b4 Bb6 7. a4 a5 8. b5 Ne7 9. 0-0 Ng6 10. Nbd2 h6 11. Bb3 c6 12. Nc4 Bc7 13. bxc6 bxc6 14. Re1 0-0 15. d4 exd4 16. cxd4 d5 17. exd5 cxd5 18. Nce5 Bf5 19. Nxg6 Bxg6 20. Ne5 Bh7 21. Qf3 Ne4 22. Ba3 Nd2 23. Qg3 Nxb3 24. Bxf8 Qxf8 25. Qxb3 Qd6 26. Rac1 Rb8 27. Qf3 Rf8 28. Rc6 Qb4 29. Rec1 Qxd4 30. Nd7 Be4 31. Qe3 Bxh2+ 32. Kxh2 1-0

[Event "Titled Tuesday intern op 6th Nov"]
[Site "Chess.com INT"]
[Date "2018.11.06"]
[Round "10"]
[White "Cardoso, Lucca Pimenta"]
[Black "Migot, Tangi"]
[Result "1-0"]
[WhiteElo "1639"]
[BlackElo "2380"]
[PlyCount "67"]
[EventDate "2018.11.06"]
[EventType "swiss (blitz)"]
[EventRounds "10"]
[EventCountry "USA"]
[SourceTitle "EXT 2021"]
[Source "ChessBase"]
[SourceDate "2020.10.23"]
[SourceVersion "1"]
[SourceVersionDate "2020.10.23"]
[SourceQuality "1"]

1. e4 c5 2. Nf3 Nc6 3. Bb5 e6 4. Bxc6 bxc6 5. b3 f6 6. 0-0 Qc7 7. Ba3 Nh6 8. c4 Nf7 9. d4 cxd4 10. Bxf8 Kxf8 11. Qxd4 Ne5 12. Nxe5 fxe5 13. Qd2 h6 14. f4 Kg8 15. Nc3 d6 16. fxe5 dxe5 17. Rad1 Kh7 18. Rf3 Bb7 19. Qd7 Qb6+ 20. Kh1 Rad8 21. Qxe6 Rxd1+ 22. Nxd1 Rd8 23. Nc3 Qd4 24. h3 c5 25. Nd5 Qxe4 26. Nf6+ gxf6 27. Qf7+ Kh8 28. Qxf6+ Kh7 29. Qe7+ Kh8 30. Qxd8+ Kg7 31. Qf8+ Kh7 32. Rf7+ Kg6 33. Rf6+ Kh7 34. Rxh6# 1-0

[Event "Titled Tuesday intern op 6th Nov"]
[Site "Chess.com INT"]
[Date "2018.11.06"]
[Round "2"]
[White "Sychev, Vadim"]
[Black "Cardoso, Lucca Pimenta"]
[Result "1-0"]
[WhiteElo "2506"]
[BlackElo "1639"]
[PlyCount "113"]
[EventDate "2018.11.06"]
[EventType "swiss (blitz)"]
[EventRounds "10"]
[EventCountry "USA"]
[SourceTitle "EXT 2021"]
[Source "ChessBase"]
[SourceDate "2020.10.23"]
[SourceVersion "1"]
[SourceVersionDate "2020.10.23"]
[SourceQuality "1"]

1. Nf3 Nf6 2. c4 c5 3. Nc3 d5 4. cxd5 Nxd5 5. g3 g6 6. Bg2 Nc6 7. 0-0 Bg7 8. Nxd5 Qxd5 9. d3 0-0 10. a3 Bd7 11. Rb1 Rac8 12. Be3 Qh5 13. b4 cxb4 14. axb4 b6 15. Qa4 a5 16. b5 Nb4 17. Bxb6 Nd5 18. Bd4 Nc3 19. Bxc3 Bxc3 20. Nd4 Rfd8 21. Bf3 Qe5 22. Nc6 Bxc6 23. bxc6 Rd4 24. Qa2 Rb4 25. Rbc1 Bd4 26. e3 Bb6 27. Rb1 Rb8 28. d4 Qf5 29. Rxb4 axb4 30. Bd1 e6 31. Bb3 Qf6 32. Rc1 Bc7 33. Ra1 Qd8 34. Qc2 Rb6 35. Qe4 Kg7 36. Qc2 h5 37. h4 Qd6 38. Rc1 Rb8 39. Kg2 Rb6 40. Qe4 Kf8 41. Qc2 Kg7 42. Qc4 f5 43. Qc2 Rb8 44. e4 Rc8 45. Qd3 Bb6 46. exf5 exf5 47. d5 Rc7 48. Qa6 Ba7 49. Re1 f4 50. Re6 f3+ 51. Kh3 Qf8 52. Qa5 Qf5+ 53. Kh2 Rf7 54. Qa1+ Kh6 55. Qc1+ Kh7 56. Bc2 Qg4 57. Rxg6 1-0